Nejlepším se neodpouští /

Hlavní autor: Jansa, Pavel, 1942-
Další autoři: Rytina, Václav, 1945-2004
Jazyk: Čeština
Vydáno: Praha : Nakladatelství Šulc & spol., 2000
Vydání: Vyd. 1.
Témata:
Externí odkaz: Digitalizovaný dokument
Fyzický popis: 269 s. : il. ; 21 cm
Knihy
Uloženo v:
LEADER 01080nam a2200301 a 4500
001 000537740
003 CZ BrMZK
005 20081023142204.0
007 ta
008 010907s2000 xr g f cze d
015 |a cnb000977918 
020 |a 80-7244-040-3 
035 |a (OCoLC)55793572 
040 |a BOA001  |b cze 
072 7 |a 821.162.3-3  |x Česká próza  |2 Konspekt  |9 25 
080 |a 821.162.3-31  |2 MRF 
080 |a (0:82-31)  |2 MRF 
100 1 |a Jansa, Pavel,  |d 1942-  |7 jn20010309161 
245 1 0 |a Nejlepším se neodpouští /  |c Pavel Jansa ; [ilustrace Václav Rytina] 
250 |a Vyd. 1. 
260 |a Praha :  |b Nakladatelství Šulc & spol.,  |c 2000 
300 |a 269 s. :  |b il. ;  |c 21 cm 
655 7 |a české romány  |7 fd133974  |2 czenas 
700 1 |a Rytina, Václav,  |d 1945-2004  |7 jx20040906011 
856 4 1 |u http://www.digitalniknihovna.cz/mzk/uuid/uuid:3fe33da0-f06f-11e3-a2c6-005056827e51  |y Digitalizovaný dokument  |x NDK 
910 |a BOA001  |b 2-1078.731 
990 |a BK 
996 6 |b 2610124213  |c 2-1078.731  |l MZK  |r Sklad / do 1 hodiny  |n 2  |p p.v.  |w 000537740  |u 000010  |a 1  |e BOA001  |j MZK50  |s P